00354 a2200109 4500001000900000005001700009008004100026245006500067100002100132700002100153773007000174ART_731920260410161554.0260409a 10aCómo medir y gestionar el capital intelectual en las PYMES1 aSimaro, Jorge D.1 aTonelli, Omar E.0 tProfesional & Empresariag- Año VIII, Nº 94 (jul. 2007)wREV70